[Event "Almeria Suqui U1600 op"]
[Site "Almeria"]
[Date "2015.07.26"]
[Round "8.1"]
[White "El Allaoui, Adil"]
[Black "El Allaoui, Mohamed Reda"]
[Result "0-1"]
[WhiteElo "1054"]
[BlackElo "1064"]
[PlyCount "60"]
[EventDate "2015.07.24"]
[EventType "tourn"]
[EventRounds "9"]
[EventCountry "ESP"]
[SourceTitle "EXT 2024"]
[Source "ChessBase"]
[SourceDate "2023.10.10"]
[SourceVersion "1"]
[SourceVersionDate "2023.10.10"]
[SourceQuality "1"]

1. e4 e5 2. Nf3 Nc6 3. Nc3 Nf6 4. Bc4 Bc5 5. 0-0 0-0 6. d3 d6 7. Bg5 h6 8. Bh4 Qd7 9. Bg3 Qe7 10. Re1 Be6 11. Bb3 Bg4 12. h3 Bh5 13. Bh2 Nd4 14. g4 Nxf3+ 15. Qxf3 Bg6 16. Nd5 Nxd5 17. Bxd5 c6 18. Bc4 h5 19. Bg3 h4 20. Bh2 Qd7 21. Bg3 hxg3 22. Qxg3 d5 23. exd5 cxd5 24. Bb3 e4 25. dxe4 Bxe4 26. Rad1 Bb4 27. c3 Bd6 28. Bxd5 Bxg3 29. Bxe4 Qxd1 30. Rxd1 Be5 0-1

[Event "Almeria Suqui U1600 op"]
[Site "Almeria"]
[Date "2015.07.26"]
[Round "7.5"]
[White "Valdivia Khudiakova, Yulia"]
[Black "El Allaoui, Mohamed Reda"]
[Result "1/2-1/2"]
[WhiteElo "1111"]
[BlackElo "1064"]
[PlyCount "52"]
[EventDate "2015.07.24"]
[EventType "tourn"]
[EventRounds "9"]
[EventCountry "ESP"]
[SourceTitle "EXT 2024"]
[Source "ChessBase"]
[SourceDate "2023.10.10"]
[SourceVersion "1"]
[SourceVersionDate "2023.10.10"]
[SourceQuality "1"]

1. d3 e5 2. Nf3 Nc6 3. c3 b6 4. e4 Bb7 5. Nbd2 Nf6 6. Be2 g6 7. 0-0 Bg7 8. Re1 0-0 9. Nf1 d6 10. Ng3 Qd7 11. Be3 Rfd8 12. Qc2 Qe8 13. Rad1 a5 14. a4 Rd7 15. d4 exd4 16. cxd4 Nb4 17. Qb1 Nxe4 18. Nxe4 Qxe4 19. Bb5 Qxb1 20. Rxb1 Bc6 21. Bxc6 Nxc6 22. b3 Nb4 23. Bd2 Nc6 24. d5 Ne7 25. Rbd1 Nxd5 26. Bg5 Nf6 1/2-1/2

[Event "Almeria Suqui U1600 op"]
[Site "Almeria"]
[Date "2015.07.24"]
[Round "2.4"]
[White "El Allaoui, Mohamed Reda"]
[Black "Valenzuela Fernandez, Alejandro"]
[Result "0-1"]
[WhiteElo "1064"]
[BlackElo "1391"]
[PlyCount "62"]
[EventDate "2015.07.24"]
[EventType "tourn"]
[EventRounds "9"]
[EventCountry "ESP"]
[SourceTitle "EXT 2024"]
[Source "ChessBase"]
[SourceDate "2023.10.10"]
[SourceVersion "1"]
[SourceVersionDate "2023.10.10"]
[SourceQuality "1"]

1. c4 Nf6 2. Nc3 g6 3. b3 Bg7 4. Bb2 0-0 5. Qc2 e5 6. 0-0-0 d6 7. Nf3 c5 8. g3 Nc6 9. Bg2 Re8 10. e3 e4 11. Ne1 Bf5 12. d3 Nb4 13. Qb1 exd3 14. Bxb7 d2+ 15. Rxd2 Bxb1 16. Bxa8 Qxa8 17. Nxb1 Nxa2+ 18. Kd1 Qxh1 19. Rxd6 Qe4 20. Nd2 Qe7 21. Ra6 Nb4 22. Ra1 Rd8 23. Bc3 Rd3 24. Nxd3 Nxd3 25. Ke2 Nb4 26. f3 Qd6 27. Bxb4 cxb4 28. Rxa7 Ne8 29. Ra8 Kf8 30. Ne4 Qe5 31. Kd3 Qb2 0-1